Logo BPK

Biblioteka

Politechniki Koszalińskiej

Układy mikroelektroniczne grubowarstwowe : (Rekord nr 17391)

Szczegóły MARC
000 -ETYKIETA REKORDU
podpole kontrolne o stałej długości 00594nam a2200169 i 4500
001 - NUMER KONTROLNY REKORDU
pole kontrolne bg
040 ## - ŹRÓDŁO KATALOGOWANIA
Instytucja, która utworzyła rekord BPK
041 ## - KOD JĘZYKA
Kod języka tekstu pol
008 - POLE O STAŁEJ DŁUGOŚCI - DANE KONTROLNE
podpole kontrolne o stałej długości s pl f |000 0 pol
100 1# - NAZWA OSOBOWA
Nazwa osobowa NOWAK, Stanisław
245 #0 - TYTUŁ/ODPOWIEDZIALNOŚĆ
Tytuł Układy mikroelektroniczne grubowarstwowe :
Ciąg dalszy tytułu technologia własności zastosowania /
Pozostałe elementy strefy tytułu i oznaczenia odpowiedzialności Stanisław Nowak, Danuta Luśniak-Wójcicka, Michał Cież.
260 ## - STREFA ADRESU WYDAWNICZEGO
Miejsce wydania Warszawa,
Data publikacji, dystrybucji/powstania dokumentu 1977.
700 1# - HASŁO DODATKOWE - NAZWA OSOBOWA
Nazwa osobowa LUŚNIAK-WÓJCICKA, Danuta
700 1# - HASŁO DODATKOWE - NAZWA OSOBOWA
Nazwa osobowa CIEŻ, Michał
856 ## - LOKALIZACJA I DOSTĘP DO ELEKTRONICZNYCH DOKUMENTÓW ZDALNYCH
Link (URL) http://koha.tu.koszalin.pl/cgi-bin/koha/opac-detail.pl?biblionumber=17391
Tekst linku Katalog online BPK
942 ## - DODATKOWE ELEMENTY (KOHA)
Typ dokumentu Książka
Egzemplarze
Wycofany Status egzemplarza Uszkodzony Dostępność Lokalizacja stała Lokalizacja bieżąca Miejsce przechowywania Sygnatura Kod kreskowy Typ dokumentu
      Dostępny Biblioteka Politechniki Koszalińskiej Biblioteka Politechniki Koszalińskiej Wypożyczalnia BG P 45621 02038599 Książka
      Dostępny Biblioteka Politechniki Koszalińskiej Biblioteka Politechniki Koszalińskiej Wypożyczalnia BG 22144 02060446 Książka
      Dostępny Biblioteka Politechniki Koszalińskiej Biblioteka Politechniki Koszalińskiej Wypożyczalnia BG 22145 01303926 Książka
© 2023 Biblioteka Politechniki Koszalińskiej :: KOHA